000 00239nam a2200097Ia 4500
008 240625s9999 xx 000 0 und d
041 _aeng
100 _aSIMCHI LEVI DAVID
245 _aDESIGNING AND MANAGING THE SUPPLY CHAIN
260 _c2004
999 _c33262
_d33262